000 00523nam a2200193Ia 4500
005 20250326145158.0
008 250326s9999 xx 000 0 und d
037 _aTextbook
040 _aFMSL
_beng
_cFMSL
041 _aeng
_2eng
084 _aX.2'N1 Q0
_qFMSL
100 _aPant M
_9750788
245 0 _aEvolution of the Indian economy sicnce 1991
_cPant M
260 _aGurgaon
_bGurgaon, Parrot
_c2010
365 _b795
650 _aManagement
942 _cTB
_hX.2'N1 Q0
999 _c1306653
_d1306653